[Event "Copenhagen Obro New Year op"]
[Site "Copenhagen"]
[Date "2022.12.27"]
[Round "2"]
[White "Jorgensen, Brian Jorgen"]
[Black "Brorsen, Jacob Abildlund"]
[Result "0-1"]
[WhiteElo "2171"]
[BlackElo "2173"]
[PlyCount "93"]
[EventDate "2022.12.27"]
[EventType "swiss"]
[EventRounds "7"]
[EventCountry "DEN"]
[SourceTitle "CBM 211 Extra"]
[Source "ChessBase"]
[SourceDate "2023.01.31"]
[SourceVersion "1"]
[SourceVersionDate "2023.01.31"]
[SourceQuality "1"]

1. c4 c6 2. Nf3 Nf6 3. Nc3 d5 4. e3 a6 5. Qc2 g6 6. b3 Bg7 7. Bb2 0-0 8. h3 b5 9. d4 Qa5 10. Nd2 Nbd7 11. cxd5 cxd5 12. f4 Bb7 13. a3 Rac8 14. b4 Qb6 15. Bd3 e5 16. fxe5 Nxe5 17. 0-0 Nc4 18. Bxc4 dxc4 19. Rae1 Rfe8 20. Nf3 Ne4 21. Ne5 f5 22. Nxe4 Bxe4 23. Qc3 Rcd8 24. Rd1 Rd5 25. Qc1 Bh6 26. Kh2 Qd8 27. Bc3 Qg5 28. Nf3 Qe7 29. Ne5 Qg5 30. Nf3 Qh5 31. Ne5 Bg5 32. Rde1 Bh4 33. Rd1 Bd8 34. Rd2 Bc7 35. Qe1 Red8 36. Kg1 Qg5 37. Rff2 Qg3 38. Qe2 Bxe5 39. dxe5 Rxd2 40. Bxd2 Rd3 41. e6 Qd6 42. Be1 Qxe6 43. Rf4 c3 44. Kh2 Qe5 45. h4 Qc7 46. Qa2+ Qc4 47. Qa1 0-1

[Event "Copenhagen GoAudit op"]
[Site "Copenhagen"]
[Date "2022.11.06"]
[Round "7"]
[White "Brorsen, Jacob Abildlund"]
[Black "Mollasoltani, Aryan"]
[Result "1-0"]
[WhiteElo "2201"]
[BlackElo "1963"]
[PlyCount "97"]
[EventDate "2022.11.04"]
[EventType "swiss"]
[EventRounds "7"]
[EventCountry "DEN"]
[SourceTitle "CBM 211 Extra"]
[Source "ChessBase"]
[SourceDate "2023.01.31"]
[SourceVersion "1"]
[SourceVersionDate "2023.01.31"]
[SourceQuality "1"]

1. d4 d5 2. Bf4 Nf6 3. Nf3 c5 4. e3 Nc6 5. c3 Qb6 6. Qc1 Bf5 7. Nbd2 h6 8. Be2 e6 9. 0-0 Be7 10. dxc5 Qxc5 11. b4 Qb6 12. a3 0-0 13. c4 Rac8 14. c5 Qd8 15. Nd4 Bg6 16. N2b3 a6 17. Nxc6 Rxc6 18. Na5 Rxc5 19. bxc5 Qxa5 20. Bd6 Bxd6 21. cxd6 Ne8 22. d7 Nd6 23. Qb2 Qd8 24. Rac1 Qxd7 25. Qb6 Rc8 26. Rxc8+ Nxc8 27. Qb2 b5 28. Rc1 Nd6 29. Qd4 Nc4 30. Bxc4 bxc4 31. Rxc4 Qb5 32. Rc1 Kh7 33. h3 Bf5 34. Qc3 Bg6 35. Kh2 Qe2 36. Kg1 Bf5 37. a4 Qd3 38. Qc7 Bg6 39. Qf4 Qd2 40. Rc6 Qe2 41. Rc8 Bf5 42. Kh2 Qd1 43. Rf8 Kg6 44. Rg8 Kh7 45. Ra8 Qe2 46. h4 Qh5 47. Rxa6 g5 48. Qd4 gxh4 49. Ra8 1-0

[Event "Copenhagen GoAudit op"]
[Site "Copenhagen"]
[Date "2022.11.04"]
[Round "3"]
[White "Brorsen, Jacob Abildlund"]
[Black "Haubro, Martin"]
[Result "1-0"]
[WhiteElo "2201"]
[BlackElo "2398"]
[PlyCount "97"]
[EventDate "2022.11.04"]
[EventType "swiss"]
[EventRounds "7"]
[EventCountry "DEN"]
[SourceTitle "CBM 211 Extra"]
[Source "ChessBase"]
[SourceDate "2023.01.31"]
[SourceVersion "1"]
[SourceVersionDate "2023.01.31"]
[SourceQuality "1"]

1. d4 Nf6 2. c4 e6 3. Nc3 Bb4 4. Qc2 d5 5. Nf3 dxc4 6. e4 b5 7. a4 c6 8. Be2 Bb7 9. 0-0 a6 10. Bg5 h6 11. Bh4 Nbd7 12. e5 g5 13. Bg3 Nd5 14. Ne4 N7b6 15. Nd6+ Bxd6 16. exd6 Nf4 17. Bxf4 gxf4 18. Qe4 Qxd6 19. Ne5 Nd5 20. Bh5 0-0-0 21. Nxf7 Qe7 22. Bg4 Rhe8 23. Nxd8 Kxd8 24. Rfe1 Qg5 25. Bf3 Kd7 26. Qh7+ Re7 27. Qh8 Re8 28. Qh7+ Re7 29. Qc2 Nb4 30. Qd2 Nd3 31. axb5 axb5 32. Red1 Kc8 33. Ra7 Qf6 34. Qc3 Rd7 35. Bg4 Kb8 36. Rda1 Qxd4 37. Bxe6 Qxc3 38. bxc3 Re7 39. Bf5 Re2 40. R7a2 Rxa2 41. Rxa2 Nc5 42. g3 fxg3 43. fxg3 Na4 44. Rc2 c5 45. h4 Bd5 46. Bd7 Be4 47. Rc1 b4 48. cxb4 Nb6 49. Be6 1-0

[Event "Copenhagen Obro"]
[Site "Copenhagen"]
[Date "2022.09.10"]
[Round "3"]
[White "Kistrup, Nicolai"]
[Black "Brorsen, Jacob Abildlund"]
[Result "1-0"]
[WhiteElo "2237"]
[BlackElo "2197"]
[PlyCount "55"]
[EventDate "2022.09.09"]
[EventType "tourn"]
[EventRounds "5"]
[EventCountry "DEN"]
[SourceTitle "EXT 2024"]
[Source "ChessBase"]
[SourceDate "2023.10.10"]
[SourceVersion "1"]
[SourceVersionDate "2023.10.10"]
[SourceQuality "1"]

1. d4 d5 2. c4 e6 3. Nf3 a6 4. Bg5 f6 5. Bd2 dxc4 6. a4 c5 7. dxc5 e5 8. e3 Be6 9. Qc2 Qd5 10. Na3 Qxc5 11. Bxc4 Bxc4 12. Nxc4 Nc6 13. 0-0 Nh6 14. b4 Nxb4 15. Bxb4 Qxb4 16. Rab1 Qc5 17. Rxb7 Rc8 18. Rc1 Be7 19. Qb3 Rd8 20. Rc3 Qd5 21. h3 Nf5 22. Nfd2 e4 23. Qb1 Qc5 24. Qxe4 Rxd2 25. Nxd2 Qxc3 26. Rb8+ Kf7 27. Rxh8 Qxd2 28. Qxf5 1-0

[Event "Copenhagen GoAudit op"]
[Site "Copenhagen"]
[Date "2021.11.12"]
[Round "2"]
[White "Brorsen, Jacob Abildlund"]
[Black "Hector, Jonny"]
[Result "0-1"]
[WhiteElo "2147"]
[BlackElo "2447"]
[PlyCount "127"]
[EventDate "2021.11.12"]
[EventType "swiss"]
[EventRounds "7"]
[EventCountry "DEN"]
[SourceTitle "CBM 205 Extra"]
[Source "ChessBase"]
[SourceDate "2022.01.31"]
[SourceVersion "1"]
[SourceVersionDate "2022.01.31"]
[SourceQuality "1"]

1. d4 d5 2. c4 e6 3. Nc3 Nf6 4. cxd5 exd5 5. Bg5 c6 6. Qc2 Be7 7. e3 h6 8. Bh4 0-0 9. Bd3 Re8 10. Nge2 Nbd7 11. 0-0 a5 12. Rad1 b5 13. f3 Nb6 14. Kh1 Nc4 15. Bf2 a4 16. a3 Be6 17. Nf4 Bd6 18. Nxe6 Rxe6 19. e4 dxe4 20. Bxc4 bxc4 21. Nxe4 Nd5 22. Qxc4 Bc7 23. Rfe1 Qb8 24. Bg3 Bxg3 25. Nxg3 Ne3 26. Rxe3 Rxe3 27. Qxc6 Qc8 28. Qb5 Qc2 29. Rf1 Rb3 30. Qe5 Rxb2 31. Rg1 Qg6 32. d5 Rab8 33. d6 Rb1 34. Ne4 f5 35. Nc3 Rxg1+ 36. Kxg1 Qe8 37. f4 Qc6 38. Nd5 Qc5+ 39. Kf1 Rb1+ 40. Ke2 Qc2+ 41. Kf3 Rb3+ 42. Ne3 Qc6+ 43. Kf2 Qe4 44. d7 Rd3 45. Qe8+ Kh7 46. d8R Rd2+ 47. Rxd2 Qxe8 48. Nxf5 Qe4 49. Ne3 Qxf4+ 50. Ke2 Qxh2 51. Rd4 Qh5+ 52. Kd2 Qb5 53. Rb4 Qd7+ 54. Ke2 h5 55. Kf3 Kh6 56. Rb6+ g6 57. Rb4 Qc6+ 58. Kf2 Kg7 59. Rc4 Qd7 60. Ke2 Kf6 61. Rf4+ Ke5 62. Rc4 Qb5 63. Kf3 Ke6 64. Re4+ 0-1

[Event "Copenhagen GoAudit op"]
[Site "Copenhagen"]
[Date "2021.11.12"]
[Round "3"]
[White "Fries Nielsen, Jens Ove"]
[Black "Brorsen, Jacob Abildlund"]
[Result "1/2-1/2"]
[WhiteElo "2383"]
[BlackElo "2147"]
[PlyCount "101"]
[EventDate "2021.11.12"]
[EventType "swiss"]
[EventRounds "7"]
[EventCountry "DEN"]
[SourceTitle "CBM 205 Extra"]
[Source "ChessBase"]
[SourceDate "2022.01.31"]
[SourceVersion "1"]
[SourceVersionDate "2022.01.31"]
[SourceQuality "1"]

1. Nf3 d5 2. g3 Nf6 3. Bg2 g6 4. 0-0 Bg7 5. d4 0-0 6. Nc3 Ne4 7. Nxe4 dxe4 8. Ne5 f6 9. Nc4 f5 10. c3 Be6 11. Ne3 Nd7 12. f3 exf3 13. exf3 Nf6 14. f4 c6 15. Re1 Bf7 16. Qe2 Re8 17. Rd1 Qc7 18. Bd2 a5 19. Be1 a4 20. Bf2 Qa5 21. c4 Red8 22. Rac1 Rd7 23. d5 cxd5 24. cxd5 Rad8 25. Nc4 Qb5 26. Qe1 Nxd5 27. Ne5 Bxe5 28. Qxe5 Qa6 29. Bd4 Nf6 30. Rc7 Bxa2 31. Rxd7 Rxd7 32. Rc1 Qd3 33. Bc3 Bd5 34. Bxd5+ Qxd5 35. Qe3 Ne4 36. Be5 Qb3 37. Qxb3+ axb3 38. Rc4 Rd1+ 39. Kg2 Rd2+ 40. Kg1 Rd1+ 41. Kg2 Rd2+ 42. Kg1 Rc2 43. Rb4 Nd2 44. Rxb7 Nf3+ 45. Kf1 Kf7 46. Bc3 Nxh2+ 47. Ke1 Nf3+ 48. Kd1 Rg2 49. Rxb3 Rxg3 50. Rb7 h5 51. Bb4 1/2-1/2

[Event "Copenhagen Obro 85th Anniv"]
[Site "Copenhagen"]
[Date "2021.10.18"]
[Round "1"]
[White "Korley, Kassa"]
[Black "Brorsen, Jacob Abildlund"]
[Result "1-0"]
[WhiteElo "2407"]
[BlackElo "2180"]
[PlyCount "65"]
[EventDate "2021.10.18"]
[EventType "swiss"]
[EventRounds "9"]
[EventCountry "DEN"]
[SourceTitle "CBM 204 Extra"]
[Source "ChessBase"]
[SourceDate "2021.11.30"]
[SourceVersion "1"]
[SourceVersionDate "2021.11.30"]
[SourceQuality "1"]

1. d4 d5 2. c4 e6 3. Nf3 a6 4. cxd5 exd5 5. Nc3 Nf6 6. Bg5 Be7 7. e3 h6 8. Bh4 b5 9. Bd3 Bb7 10. 0-0 Nbd7 11. Rc1 Rc8 12. Bf5 g6 13. Bxd7+ Nxd7 14. Bxe7 Qxe7 15. Ne2 0-0 16. Nf4 c5 17. dxc5 Rxc5 18. Rxc5 Qxc5 19. Qb1 Qd6 20. Nd4 Rc8 21. Rc1 Rc4 22. Rd1 b4 23. a3 a5 24. axb4 axb4 25. Qa1 Qb6 26. Qa4 Nf6 27. Nd3 Kg7 28. b3 Rc3 29. Nxb4 Ne4 30. f3 Nc5 31. Qa1 Qxb4 32. Ne2 Qxb3 33. Qxc3+ 1-0

[Event "Helsingor Hojstrupgaard op"]
[Site "Helsingor"]
[Date "2021.07.24"]
[Round "3"]
[White "Fries Nielsen, Jens Ove"]
[Black "Brorsen, Jacob Abildlund"]
[Result "1/2-1/2"]
[WhiteElo "2359"]
[BlackElo "2147"]
[PlyCount "21"]
[EventDate "2021.07.23"]
[EventType "swiss"]
[EventRounds "5"]
[EventCountry "DEN"]
[SourceTitle "CBM 203 Extra"]
[Source "ChessBase"]
[SourceDate "2021.09.30"]
[SourceVersion "1"]
[SourceVersionDate "2021.09.30"]
[SourceQuality "1"]

1. d4 d5 2. Nc3 Nf6 3. Bf4 c5 4. e3 cxd4 5. exd4 a6 6. h3 e6 7. a3 Nc6 8. Nf3 Bd6 9. Bxd6 Qxd6 10. Bd3 0-0 11. 0-0 1/2-1/2

[Event "Esbjerg Autumn 2nd"]
[Site "Esbjerg"]
[Date "2019.10.18"]
[Round "1"]
[White "Brorsen, Jacob Abildlund"]
[Black "Larsen, Johnny"]
[Result "0-1"]
[WhiteElo "2154"]
[BlackElo "1761"]
[PlyCount "48"]
[EventDate "2019.10.18"]
[EventType "swiss"]
[EventRounds "7"]
[EventCountry "DEN"]
[SourceTitle "CBM 192 Extra"]
[Source "Chessbase"]
[SourceDate "2019.11.06"]
[SourceVersion "1"]
[SourceVersionDate "2019.11.06"]
[SourceQuality "1"]

1. e4 e6 2. d4 d5 3. Nd2 Nf6 4. e5 Nfd7 5. f4 c5 6. c3 Be7 7. Ndf3 Nc6 8. a3 a6 9. Bd3 b5 10. Ne2 g6 11. 0-0 Bb7 12. Be3 f5 13. exf6 Nxf6 14. Ng5 Qd7 15. dxc5 Ng4 16. Bd4 e5 17. h3 exd4 18. hxg4 Qxg4 19. cxd4 0-0 20. Qc2 Rf6 21. Rae1 Raf8 22. Rf3 Rxf4 23. Nxf4 Bxg5 24. Ref1 Nxd4 0-1

[Event "Helsingor Xtracon op"]
[Site "Helsingor"]
[Date "2017.07.25"]
[Round "5"]
[White "Brorsen, Jacob Abildlund"]
[Black "Tryggestad, Andreas Garberg"]
[Result "0-1"]
[WhiteElo "2153"]
[BlackElo "2324"]
[PlyCount "72"]
[EventDate "2017.07.22"]
[EventType "swiss"]
[EventRounds "10"]
[EventCountry "DEN"]
[SourceTitle "CBM 179 Extra"]
[Source "ChessBase"]
[SourceDate "2017.08.23"]
[SourceVersion "1"]
[SourceVersionDate "2017.08.23"]
[SourceQuality "1"]

1. e4 c5 2. Nf3 e6 3. g3 Nf6 4. Qe2 d5 5. exd5 Nxd5 6. Bg2 Be7 7. 0-0 Nc6 8. Rd1 Bf6 9. c3 0-0 10. Na3 b6 11. d3 Ba6 12. h4 h6 13. Nc4 Bxc3 14. Bxh6 gxh6 15. bxc3 Nxc3 16. Qd2 Nxd1 17. Qxh6 Qxd3 18. Nce5 Nxe5 19. Nxe5 Qh7 20. Qxh7+ Kxh7 21. Bxa8 Nc3 22. Bf3 Kg7 23. h5 Ne2+ 24. Kg2 Nd4 25. Be4 f5 26. Bf3 Rh8 27. g4 Kf6 28. Re1 Rh7 29. Bd1 c4 30. f4 fxg4 31. Nxg4+ Ke7 32. Ne3 Kd6 33. Kg3 c3 34. Rh1 Bd3 35. Rh2 Rg7+ 36. Kf2 c2 0-1

[Event "Helsingor Xtracon op"]
[Site "Helsingor"]
[Date "2017.07.22"]
[Round "1"]
[White "Brorsen, Jacob Abildlund"]
[Black "Shehzad, Shazil Khan"]
[Result "1-0"]
[WhiteElo "2153"]
[BlackElo "1678"]
[PlyCount "69"]
[EventDate "2017.07.22"]
[EventType "swiss"]
[EventRounds "10"]
[EventCountry "DEN"]
[SourceTitle "CBM 179 Extra"]
[Source "ChessBase"]
[SourceDate "2017.08.23"]
[SourceVersion "1"]
[SourceVersionDate "2017.08.23"]
[SourceQuality "1"]

1. d4 Nf6 2. c4 c5 3. d5 b5 4. cxb5 a6 5. bxa6 g6 6. Nc3 Bg7 7. e4 0-0 8. Nf3 Qa5 9. Nd2 Bxa6 10. Be2 e6 11. 0-0 exd5 12. exd5 d6 13. Nc4 Bxc4 14. Bxc4 Nbd7 15. Bf4 Nb6 16. Be2 Rfd8 17. Qd2 Nfxd5 18. Nxd5 Qxd2 19. Bxd2 Nxd5 20. Bf3 Ra4 21. Bxd5 Rd4 22. Ba5 Rb8 23. Bf3 Rxb2 24. Bc3 Rc2 25. Bxd4 Bxd4 26. a4 c4 27. a5 c3 28. a6 Ba7 29. Ra3 d5 30. Bxd5 Rd2 31. Rxc3 Rxd5 32. Rc7 Bb6 33. Rb7 Bc5 34. a7 Bxa7 35. Rxa7 1-0

[Event "Helsingor Xtracon op"]
[Site "Helsingor"]
[Date "2016.07.29"]
[Round "8"]
[White "Brorsen, Jacob Abildlund"]
[Black "Percivaldi, Martin"]
[Result "1/2-1/2"]
[WhiteElo "2112"]
[BlackElo "2347"]
[PlyCount "83"]
[EventDate "2016.07.23"]
[EventType "swiss"]
[EventRounds "10"]
[EventCountry "DEN"]
[SourceTitle "CBM 173 Extra"]
[Source "ChessBase"]
[SourceDate "2016.08.29"]
[SourceVersion "1"]
[SourceVersionDate "2016.08.29"]
[SourceQuality "1"]

1. d4 d5 2. c4 c6 3. Nc3 Nf6 4. e3 a6 5. Nf3 Bf5 6. Bd3 Bxd3 7. Qxd3 e6 8. 0-0 Bb4 9. a3 Bxc3 10. bxc3 0-0 11. a4 Nbd7 12. Ba3 Re8 13. Rfb1 Qc7 14. cxd5 cxd5 15. Rb3 Nb6 16. Rab1 Nxa4 17. Rxb7 Qxc3 18. Qxc3 Nxc3 19. R1b6 Nb5 20. Bb4 Rec8 21. h3 Ne8 22. Ne5 f6 23. Nd7 Rc7 24. Nc5 Rxb7 25. Nxb7 Nec7 26. Rc6 Ra7 27. Na5 e5 28. dxe5 fxe5 29. Bd6 e4 30. Be5 Kf7 31. Kh2 Ne6 32. Rb6 d4 33. exd4 Nexd4 34. Kg3 Ne2+ 35. Kg4 Re7 36. Nc6 Rd7 37. Rxa6 Nc1 38. Kf5 Nd3 39. Rb6 Nd6+ 40. Bxd6 Rxd6 41. Ne5+ Ke7 42. Rb7+ 1/2-1/2

[Event "Helsingor Xtracon op"]
[Site "Helsingor"]
[Date "2016.07.25"]
[Round "4"]
[White "Brorsen, Jacob Abildlund"]
[Black "Rasmussen, Lars Garne"]
[Result "1-0"]
[WhiteElo "2112"]
[BlackElo "1956"]
[PlyCount "93"]
[EventDate "2016.07.23"]
[EventType "swiss"]
[EventRounds "10"]
[EventCountry "DEN"]
[SourceTitle "CBM 173 Extra"]
[Source "ChessBase"]
[SourceDate "2016.08.29"]
[SourceVersion "1"]
[SourceVersionDate "2016.08.29"]
[SourceQuality "1"]

1. c4 e5 2. Nc3 Nf6 3. g3 d5 4. cxd5 Nxd5 5. Bg2 Nb6 6. Nf3 Nc6 7. 0-0 Be7 8. d3 0-0 9. Be3 Be6 10. Ne4 Nd5 11. Bc5 Re8 12. Rc1 Rb8 13. a3 h6 14. b4 Bg4 15. h3 Bxf3 16. Bxf3 Nd4 17. Bg2 Ne6 18. Qb3 Bxc5 19. Nxc5 c6 20. Rfd1 Re7 21. e3 Nxc5 22. Rxc5 Nc7 23. h4 Qe8 24. a4 a6 25. Rdc1 Ne6 26. Rxe5 Rd8 27. d4 Nc7 28. Rxe7 Qxe7 29. Qc4 Nd5 30. Qc5 Qe6 31. e4 Nf6 32. d5 cxd5 33. exd5 Qe2 34. Qc7 Rd7 35. Qf4 Rd8 36. d6 Qd3 37. Bxb7 Qxd6 38. Qxd6 Rxd6 39. Rc6 Rd1+ 40. Kg2 Rb1 41. Rc8+ Kh7 42. Bxa6 Rxb4 43. a5 Ra4 44. Bd3+ g6 45. Rc7 Kg7 46. Bc4 Nd7 47. Bb5 1-0